Normal view
MARC view
- Dr. Rafique Muhammad Choudhry
Entry Personal Name
001 - CONTROL NUMBER
- control field: 29099
003 - CONTROL NUMBER IDENTIFIER
- control field: NUST
005 - DATE AND TIME OF LATEST TRANSACTION
- control field: 20200320101248.0
008 - FIXED-LENGTH DATA ELEMENTS
- fixed length control field: 200320|| aca||aabn | a|a d
040 ## - CATALOGING SOURCE
- Original cataloging agency: NUST
- Transcribing agency: NUST
100 ## - HEADING--PERSONAL NAME
- Personal name: Dr. Rafique Muhammad Choudhry
670 ## - SOURCE DATA FOUND
- Source citation: Work cat.: (NUST): Faruqui, Emad Faheem 29098, Investing in safety in building construction projects in Islamabad and Rawalpindi /, 2013.
